004460000a220010900045001000026000002450129000263000052001557730014002079420008002219520090002299990017003191 aRedacción Cambio 1610aQuién conspira contra Colombia : La DEA, la CIA, los narcos, la derecha : Todos pescan en las tensas relaciones con EE.UU. aVol. 58, Num. 58 (Julio, 1994), Páginas 14-180 tCambio 16 cANA 001040708HEMaFUSBCbFUSBCd2016-01-26l0o r2016-01-26 00:00:00w2016-01-26yANA c58558d58558